书目信息 |
| 题名: |
世界著名的奇迹奇观
|
|
| 作者: | ;膳书堂文化 编著 | |
| 分册: | ||
| 出版信息: | 北京 中国画报出版社 2012.09 |
|
| 页数: | 154页 | |
| 开本: | 24cm | |
| 丛书名: | 视觉天下 | |
| 单 册: | ||
| 中图分类: | K917-49 | |
| 科图分类: | ||
| 主题词: | 名胜古迹--世界--通俗读物 , 名胜古迹 | |
| 电子资源: | ||
| ISBN: | 978-7-5146-0394-1 | |
| 000 | 00878oam2 2200265 450 | |
| 001 | 0100500014140 | |
| 005 | 20130704154136.23 | |
| 010 | @a978-7-5146-0394-1@dCNY24.80 | |
| 100 | @a20130108d2012 em y0chiy50 ea | |
| 101 | 0 | @achi |
| 102 | @aCN@b110000 | |
| 105 | @aa z 000yy | |
| 106 | @ar | |
| 200 | 1 | @a世界著名的奇迹奇观@9shi jie zhu ming de qi ji qi guan@f膳书堂文化编著 |
| 210 | @a北京@c中国画报出版社@d2012.09 | |
| 215 | @a154页@c图@d24cm | |
| 225 | 2 | @a视觉天下 |
| 330 | @a本书通过宗教圣地、古城建筑、陵寝墓地等人类创造的奇迹、峡湾谷地、湖海瀑布、奇特地貌以及奇山怪石等造物主的奇观,来讲述世界著名的奇迹景观。 | |
| 461 | 0 | @12001 @a视觉天下 |
| 606 | 0 | @a名胜古迹@y世界@j通俗读物 |
| 606 | 0 | @a名胜古迹 |
| 690 | @aK917-49@v5 | |
| 711 | 02 | @a膳书堂文化@9shan shu tang wen hua@4编著 |
| 801 | 0 | @aCN@bRENTIAN@c20130108 |
| 905 | @b547326-31@dK917-49@e210@f6 | |
| 世界著名的奇迹奇观/膳书堂文化编著.-北京:中国画报出版社,2012.09 |
| 154页:图;24cm.-(视觉天下) |
| ISBN 978-7-5146-0394-1:CNY24.80 |
| 本书通过宗教圣地、古城建筑、陵寝墓地等人类创造的奇迹、峡湾谷地、湖海瀑布、奇特地貌以及奇山怪石等造物主的奇观,来讲述世界著名的奇迹景观。 |
| ● |
| 相关链接 |
|
|
|
|
正题名:世界著名的奇迹奇观
索取号:K917-49/210
 
预约/预借
| 序号 | 登录号 | 条形码 | 馆藏地/架位号 | 状态 | 备注 |
| 1 | 547326 | 205473263 | 第二样本阅览室/ [索取号:K917-49/210] | 在馆 | |
| 2 | 547327 | 205473272 | 第二借阅区/ [索取号:K917-49/210] | 在馆 | |
| 3 | 547328 | 205473281 | 第二借阅区/ [索取号:K917-49/210] | 在馆 | |
| 4 | 547329 | 205473290 | 第二借阅区/ [索取号:K917-49/210] | 在馆 | |
| 5 | 547330 | 205473307 | 第二借阅区/ [索取号:K917-49/210] | 在馆 | |
| 6 | 547331 | 205473316 | 第二借阅区/ [索取号:K917-49/210] | 在馆 |